000 00655nam a2200217Ii 4500
003 JO-AjNU
008 230605s9999||||xx |||||||||||||| ||und||
017 _a2009/23248
020 _a977-287-567-2
040 _aJO-AjNU
_bara
_erda
_cJO-AjNU
041 _aara
050 1 4 _aQA76.575.S5238 2010
100 3 _aشفيق ، حسنين,
_eauthor
_927881
245 0 0 _aالوسائط التعددة
264 3 1 _aالقاهرة:دار فكر وفن ،2010
300 _a289ص
336 _atext
_btxt
_2rdacontent
337 _aunmediated
_bn
_2rdamedia
338 _avolume
_bnc
_2rdacarrier
650 4 _aالحاسوب -لغات البرامج
_927882
999 _aA10747
_c14315
_d14315